| 000 | 00785nam a2200205Ia 4500 | ||
|---|---|---|---|
| 003 | GCL | ||
| 008 | 140319s9999 xx 000 0 ara d | ||
| 040 |
_aGCL / _cGCL |
||
| 082 | 0 | 4 |
_a341.2477 _bم ج |
| 100 | 1 | _aمجدى حماد | |
| 245 | 1 | 0 |
_aجامعة الدول العربية ( عالم المعرفة 299 ) : _bمدخل الى المستقبل / _cمجدى حماد |
| 260 |
_aالكويت : _bالمجلس الوطنى للثقافة والفنون والاداب ، _c2003 |
||
| 300 |
_a524 ص ؛ _c20 سم |
||
| 490 |
_aعالم المعرفة _v299 |
||
| 650 | 0 | 4 | _aالعالم العربى |
| 650 | 0 | 4 | _aالوحدة العربية |
| 650 | 0 | 4 | _aجامعة الدول العربية |
| 650 | 0 | 4 | _aالمنظمات الدولية الاقليمية |
| 942 |
_2ddc _cBK |
||
| 999 |
_c6791 _d6791 |
||